| 000 | 00674aam a22002294a 4500 | ||
|---|---|---|---|
| 001 | 12747510 | ||
| 005 | 20250123141805.0 | ||
| 008 | 020419s2003 caua b 001 0 eng | ||
| 020 | _a9780805365054 | ||
| 050 | 0 | 0 |
_aRA781 _b.P66 2003b |
| 082 | 0 | 0 |
_a613.7 _221 |
| 100 | 1 |
_aPowers, Scott K. _q(Scott Kline), _d1950- |
|
| 245 | 1 | 0 |
_aTotal fitness and wellness / _cScott K. Powers, Stephen L. Dodd. |
| 250 | _aBrief ed. | ||
| 260 |
_aSan Francisco : _bBenjamin Cummings, _cc2003. |
||
| 300 |
_axxv, 312 p. : _bcol. ill. ; _c28 cm. |
||
| 650 | 0 | _aExercise. | |
| 650 | 0 | _aPhysical fitness. | |
| 650 | 0 | _aHealth. | |
| 700 | 1 | _aDodd, Stephen L. | |
| 942 |
_2lcc _cBK _eBrief ed. _n0 |
||
| 999 |
_c2930 _d2930 |
||